WARISAN PERUBATAN MELAYU / (Record no. 23250)

MARC details
000 -LEADER
fixed length control field 00988nam a2200325 i 4500
001 - CONTROL NUMBER
control field C2-0101341
003 - CONTROL NUMBER IDENTIFIER
control field PPAK
005 - DATE AND TIME OF LATEST TRANSACTION
control field 20220508124047.0
008 - FIXED-LENGTH DATA ELEMENTS--GENERAL INFORMATION
fixed length control field 970531t19831982my |||e ||||| | may d
020 ## - INTERNATIONAL STANDARD BOOK NUMBER
International Standard Book Number 9836200266
Qualifying information paperback
040 ## - CATALOGING SOURCE
Original cataloging agency PPAK
Language of cataloging eng
Transcribing agency PPAK
Description conventions rda
082 04 - DEWEY DECIMAL CLASSIFICATION NUMBER
Classification number 615.882
Edition number 23
090 00 - LOCALLY ASSIGNED LC-TYPE CALL NUMBER (OCLC); LOCAL CALL NUMBER (RLIN)
Classification number (OCLC) (R) ; Classification number, CALL (RLIN) (NR) 615.882
Feature heading WAR
Feature heading G
Classification number (OCLC) (R) ; Classification number, CALL (RLIN) (NR) 615.882
Feature heading WAR
Feature heading KAA
Classification number (OCLC) (R) ; Classification number, CALL (RLIN) (NR) 615.882
Feature heading WAR
Feature heading KSA
Classification number (OCLC) (R) ; Classification number, CALL (RLIN) (NR) 615.882
Feature heading WAR
Feature heading KAO
245 00 - TITLE STATEMENT
Title WARISAN PERUBATAN MELAYU /
Statement of responsibility, etc. DISELENGGARAKAN OLEH A. SAMAD AHMAD
264 #1 - PRODUCTION, PUBLICATION, DISTRIBUTION, MANUFACTURE, AND COPYRIGHT NOTICE
Place of production, publication, distribution, manufacture Kuala Lumpur :
Name of producer, publisher, distributor, manufacturer Dewan Bahasa dan Pustaka ,
Date of production, publication, distribution, manufacture, or copyright notice 1983
Date of production, publication, distribution, manufacture, or copyright notice ©1982
300 ## - PHYSICAL DESCRIPTION
Extent xix, 165 pages ;
Dimensions 22 cm
336 ## - CONTENT TYPE
Source rdacontent
Content type term text
337 ## - MEDIA TYPE
Source rdamedia
Media type term unmediated
338 ## - CARRIER TYPE
Source rdacarrier
Carrier type term volume
500 ## - GENERAL NOTE
General note Contains verses from the Qur'an
504 ## - BIBLIOGRAPHY, ETC. NOTE
Bibliography, etc. note Bibliography: page 165
650 10 - SUBJECT ADDED ENTRY--TOPICAL TERM
Topical term or geographic name entry element Traditional medicine
Topical term or geographic name entry element Malays
General subdivision Medicine
700 0# - ADDED ENTRY--PERSONAL NAME
Personal name A. Samad Ahmad,
Fuller form of name (Abdul Samad Ahmad),
Dates associated with a name 1913-
Relator term compiler.
942 ## - ADDED ENTRY ELEMENTS (KOHA)
Koha item type Book
Source of classification or shelving scheme Dewey Decimal Classification
Holdings
Withdrawn Not for loan Current library Shelving location Date acquired Full call number Barcode Date last seen Koha item type
  Not For Loan Perpustakaan Alor Setar Koleksi S.N. Shahnon Ahmad 13/01/1999 KSA 615.882 WAR A00200819 08/05/2018 Book
  Not For Loan Perpustakaan Kulim Koleksi Azizi Abdullah 27/01/2011 KAA 615.882 WAR A00381026 08/05/2018 Book
    Perpustakaan Yan Pinjaman Dewasa 06/01/2021 615.882 WAR A00317335 06/01/2021 Book